000 03969nam a22003377a 4500
001 TIGAL 0005
003 gtcocun
005 20250923171909.0
006 a||||gr|||| 00| 0
007 ta
008 250923b2017 gt ||||| m||| 00| 0 eng d
040 _agtcocun
_bSPA
_cgtcocun
_eRDA
041 _aSPA TIGAL 0005
084 _0TIGAL 0005
100 _aChiquín Calles, Gustavo Adolfo
_eAutor
245 _aPROPUESTA DE LÍNEAS ESTRATÉGICAS PARA MEJORAR LAS BUENAS PRÁCTICAS AMBIENTALES Y MINIMIZAR LOS IMPACTOS AMBIENTALES DURANTE LA OPERACIÓN DE LA LÍNEA DE TRANSMISIÓN ELÉCTRICA DE ALTA TENSIÓN EN EL MUNICIPIO DE GUALÁN, ZACAPA/
_cGustavo Adolfo Chiquín Calles.
_hImpreso
264 _aCobán, Alta Verapaz:
_bUniversidad de San Carlos de Guatemala, Centro Universitario del Norte, Carrera de Ingeniería en Gestión Ambiental Local
_c2017
300 _a261 p.:
_bIlustraciones, gráficas.
_c28 cm;
300 _cPDF
336 _2rdacontenido
_aTexto
_btxt
337 _2rdamedio
_aComputadora
_bn
338 _2rdasoporte
_aCódigo en línea
_bcr
502 _eTIGAL 0005
502 _aTesis de grado
_bCarrera de Ingeniería en Gestión Ambiental Local,
_cUniversidad de San Carlos de Guatemala, Centro Universitario del Norte, Carrera de Ingeniería en Gestión Ambiental Local
_d2017
_oTIGAL 0005
520 1 4 _aEl presente trabajo de graduación comprende el análisis de los impactos ambientales de la línea de transmisión eléctrica de alta tensión con un voltaje de 230 kilovatios en el municipio de Gualán, Zacapa, con el cual se formuló una propuesta de líneas estratégicas para mejorar las buenas prácticas ambientales que se realizan durante la etapa de operación del proyecto. En el primer capítulo se describen antecedentes de proyectos de construcción y operación de líneas de transmisión eléctrica en Guatemala. Se introducen conceptos básicos referentes a la clasificación y componentes de una línea de transmisión eléctrica de alta tensión, se exponen los impactos ambientales con efectos potenciales y cuales son algunas medidas de corrección, mitigación y compensación que conforman las buenas prácticas ambientales para una producción más limpia. El segundo capítulo comprende la descripción de la etapa de campo; se enfoca en la metodología de acopio de información, técnicas utilizadas y una breve descripción de los resultados esperados en el análisis de buenas prácticas ambientales durante la operación de la línea de transmisión eléctrica de alta tensión que atraviesa el municipio de Gualán, Zacapa. En el tercer capítulo se analizan y desarrollan los resultados de la investigación, por medio de una síntesis de buenas prácticas ambientales durante la operación de la línea de transmisión eléctrica de alta tensión que atraviesa áreas rurales del municipio de Gualán, Zacapa y una valoración de los impactos ambientales potenciales que actualmente existen en las comunidades en el área de influencia. Por último, se presenta la formulación de propuesta de líneas estratégicas para mejorar las buenas prácticas ambientales durante la operación de la línea de transmisión eléctrica de alta tensión que atraviesa el municipio de Gualán, Zacapa; las cuales conforman una proposición de cómo se podrían minimizar los impactos ambientales y mejorar la calidad de vida de la población y su relación con el proyecto en la etapa de operación.
650 1 4 _2LEMB
_aGualán, Zacapa
_xIngeniería en Gestión Ambiental Local
_xImpactos ambientales
_xTransmisión eléctrica
_xBuenas prácticas ambientales
_xLíneas estratégicas
_xCalidad de vida
700 _aIng. Agr. Víctor Augusto Yoj Alvarado
_eAsesor
856 _uhttps://drive.google.com/file/d/1oBzhCQTDpT-Gpy7zNyqAgWTaPLiejl14/view
_yPDF
_zUn ejemplar en línea.
942 _2ddc
_cTES
_iTIGAL 0005
_kClasificación
_n0
_6TIGAL_0005_000000000000000
999 _c2087
_d2087